| 000 | 01044nam a22002177a 4500 | ||
|---|---|---|---|
| 003 | OSt | ||
| 005 | 20210301163007.0 | ||
| 008 | 210301s1961 me ||||gr|||| 00| 0 spa d | ||
| 040 |
_aCO-JMCR _cCO-JMCR |
||
| 082 | 0 | 4 |
_a335.430947 / _bJ899i _223 |
| 100 | 1 |
_aKhrushchev, Nikita Jruschov, _eautor _914191 |
|
| 245 | 1 | 0 |
_aInforme del comité central del PCUS al XXII Congreso del Partido Comunista de la Unión Soviética / _cNikita Jruschov Khrushchev |
| 260 |
_aMoscú : _bOficina de prensa de la embajada de la URSS, _c1961 |
||
| 300 |
_a153 páginas ; _c20 cm. |
||
| 490 | _aEdiciones en lenguas extranjeras | ||
| 505 | 0 | _aEl mundo de nuestros días y la situación internacional de la Unión Soviética -- La Unión Soviética entra en el periodo de la edificación del comunismo en todos los frentes -- El partido de Lenin, organizador de la lucha por el triunfo del comunismo | |
| 650 | 1 | 4 |
_aPolítica y gobierno _zRusia _914192 |
| 650 | 2 | 4 |
_aComunismo _zRusia _914193 |
| 650 | 2 | 4 |
_aPartidos comunistas _xCongresos _914194 |
| 942 |
_2ddc _cBK |
||
| 999 |
_c7395 _d7395 |
||